00491nam a2200181 a 4500001001300000003000900013005001700022008004100039020000900080082001900089100001600108245006100124260003700185300000900222500003500231505001000266650003300276nice12345678IN_TiNIC20260116013023.0050524s1953 bara grp 000 0 eng  ac3700a915.40402bBAT aIbn, Batuta aRehla of Ibn Battutab India, Maldive Islands and Ceylon aBarodabOriental Institutec1953 a300p aincludes index and biblioraphy2 aIndex aIndia-Travel and Description